Finały mistrzostw Europy w piłce nożnej - Statystyki

Ogólne statystyki
  • Ten quiz został rozwiązany 590 razy
  • Średni wynik to 14 z 16
Statystyki odpowiedzi
Rok Zwycięzca Przegrany Wynik % Poprawnych
2016 Portugalia Francja 1-0
99%
1968* Włochy Jugosławia 1-12-0
98%
2020(2021) Włochy Anglia 1-1
98%
1964 Hiszpania ZSRR 2-1
97%
2008 Hiszpania Niemcy 1-0
97%
2012 Hiszpania Włochy 4-0
97%
1984 Francja Hiszpania 2-0
96%
2000 Francja Włochy 2-1
96%
1996 Niemcy Czechy 2-1
94%
2004 Grecja Portugalia 1-0
90%
1988 Holandia ZSRR 2-0
87%
1960 ZSRR Jugosławia 2-1
81%
1992 Dania Niemcy 2-0
80%
1072 RFN ZSRR 3-0
69%
1980 RFN Belgia 2-1
69%
1976 Czechosłowacja RFN 2-2
67%
Nie znaleziono quizów pasujących do podanych kryteriów
Rozkład punktacji
Procent ludzi z każdym wynikiem
Percentyl według liczby udzielonych odpowiedzi
Twoja historia wyników
Nie rozwiązałeś tego quizu